Mathematics, A human Endeavor :A book for Those Who Think They Don't Like the Subject . (Record no. 8387)
[ view plain ]
| 000 -LEADER | |
|---|---|
| fixed length control field | 00978pam a2200253 a 4500 |
| 001 - CONTROL NUMBER | |
| control field | 636098 |
| 003 - CONTROL NUMBER IDENTIFIER | |
| control field | OSt |
| 005 - DATE AND TIME OF LATEST TRANSACTION | |
| control field | 20240611150357.0 |
| 008 - FIXED-LENGTH DATA ELEMENTS--GENERAL INFORMATION | |
| fixed length control field | 930915s1994 nyua b 001 0 eng |
| 020 ## - INTERNATIONAL STANDARD BOOK NUMBER | |
| International Standard Book Number | 071672426X |
| 040 ## - CATALOGING SOURCE | |
| Transcribing agency | DDC |
| 082 00 - DEWEY DECIMAL CLASSIFICATION NUMBER | |
| Classification number | 510 HAR 1994 |
| 100 1# - MAIN ENTRY--PERSONAL NAME | |
| Personal name | Jacobs, Harold R. |
| 9 (RLIN) | 5324 |
| 245 10 - TITLE STATEMENT | |
| Title | Mathematics, A human Endeavor :A book for Those Who Think They Don't Like the Subject . |
| 250 ## - EDITION STATEMENT | |
| Edition statement | 3rd ed. |
| 260 ## - PUBLICATION, DISTRIBUTION, ETC. (IMPRINT) | |
| Place of publication, distribution, etc. | New York : |
| Name of publisher, distributor, etc. | W.H. Freeman, |
| Date of publication, distribution, etc. | 1994. |
| 300 ## - PHYSICAL DESCRIPTION | |
| Extent | xiii, 678 p. : |
| Other physical details | ill. ; |
| Dimensions | 26cm. |
| 504 ## - BIBLIOGRAPHY, ETC. NOTE | |
| Bibliography, etc | Includes bibliographical references and indexes. |
| 650 #0 - SUBJECT ADDED ENTRY--TOPICAL TERM | |
| Topical term or geographic name as entry element | Mathematics |
| General subdivision | Popular works. |
| 9 (RLIN) | 5325 |
| 856 42 - ELECTRONIC LOCATION AND ACCESS | |
| Materials specified | Publisher description |
| Uniform Resource Identifier | <a href="http://www.loc.gov/catdir/enhancements/fy1003/93037458-d.html">http://www.loc.gov/catdir/enhancements/fy1003/93037458-d.html</a> |
| 856 41 - ELECTRONIC LOCATION AND ACCESS | |
| Materials specified | Table of contents only |
| Uniform Resource Identifier | <a href="http://www.loc.gov/catdir/enhancements/fy1003/93037458-t.html">http://www.loc.gov/catdir/enhancements/fy1003/93037458-t.html</a> |
| 942 ## - ADDED ENTRY ELEMENTS (KOHA) | |
| Source of classification or shelving scheme | Dewey Decimal Classification |
| Koha item type | Open Shelf |
| Withdrawn status | Lost status | Source of classification or shelving scheme | Damaged status | Not for loan | Home library | Current library | Date acquired | Source of acquisition | Inventory number | Total Checkouts | Full call number | Barcode | Date last seen | Price effective from | Koha item type |
|---|---|---|---|---|---|---|---|---|---|---|---|---|---|---|---|
| Dewey Decimal Classification | MUST Main Library | MUST Main Library | 11/06/2024 | Purchase | 2001/16402 | 510 HAR 1994 | 2024-20290 | 11/06/2024 | 11/06/2024 | Open Shelf |
